000 00962nam a22002897a 4500
003 CHAP
005 20220329140244.0
008 971013s1982 r 00010 d
010 _a49319
011 _a50291
035 _a54441
040 _cCHAP
082 _a632.58
_bR6 1982
100 0 0 _aRoberts, H. A.
_997918
245 _aWeed control handbook
250 _a7 ed.
260 _aOxford :
_bBritish Crop Protection Council,
_c1982
300 _a533 p.
_b: ilus. ; gráfs.
590 _aBATCH-UPD
_b10
_c20130110
_lUCH01
_h0830
590 _aCONVERSION
_b10
_c20130109
_lUCH01
_h1327
650 1 4 _aMalas hierbas
_xControl.
_970011
901 _aBK
942 _cLIBRO
949 _a632.58 R6 1982
_bBC
_cLIBRO
_d33724000179032
_eLIBRO
_gI. 125127
_h64680
_i54441
_si
949 _a632.58 R6 1982
_bBC
_cLIBRO
_d33724000179040
_eLIBRO
_fc.2
_gI. 125709
_h65622
_i54441
_si
949 _a632.58 R6 1982
_bBC
_cLIBRO
_d33724000179057
_eLIBRO
_fc.3
_gI. 130204
_h68133
_i54441
_si
999 _c49319
_d49319